| 000 | 00697nam a2200193Ii 4500 | ||
|---|---|---|---|
| 003 | JO-AjNU | ||
| 008 | 230605s9999||||xx |||||||||||||| ||und|| | ||
| 040 |
_aJO-AjNU _bara _erda _cJO-AjNU |
||
| 041 | _aara | ||
| 050 | 1 | 4 | _aPJ7541.Y3 1973 |
| 100 | 3 |
_aاليازجي، كمال, _eauthor _916189 |
|
| 245 | 0 | 0 | _aفي الشعر العربي القديم: الحلقة الثانية، النوازع الخلقية |
| 264 | 3 | 1 | _aبيروت: دار الكتاب اللبناني، 1973 |
| 300 | _a205ص | ||
| 336 |
_atext _btxt _2rdacontent |
||
| 337 |
_aunmediated _bn _2rdamedia |
||
| 338 |
_avolume _bnc _2rdacarrier |
||
| 650 | 4 |
_aالشعر العربي القديم - تاريخ ونقد _916190 |
|
| 999 |
_aA4743 _c8311 _d8311 |
||